All-Time Premier League Grounds - Statistics

General Stats
  • This quiz has been taken 14 times
  • The average score is 42 of 60
Answer Stats
Club Stadium % Correct
Liverpool Anfield
100%
West Ham United Boleyn Ground
100%
Fulham Craven Cottage
100%
Arsenal Emirates Stadium
100%
Arsenal Highbury
100%
Manchester United Old Trafford
100%
Chelsea Stamford Bridge
100%
Brighton & Hove Albion Amex Stadium
93%
Manchester City Etihad Stadium
93%
Everton Goodison Park
93%
Crystal Palace Selhurst Park
93%
Wimbledon Selhurst Park
93%
Newcastle United St James' Park
93%
Aston Villa Villa Park
93%
Tottenham Hotspur White Hart Lane
93%
Leeds United Elland Road
86%
Sheffield Wednesday Hillsborough
86%
Leicester City King Power Stadium
86%
Derby County Pride Park
86%
Middlesbrough Riverside
86%
Sunderland Stadium of Light
86%
Southampton St Marys'
86%
Burnley Turf Moor
86%
Norwich City Carrow Road
79%
Bournemouth Dean Court
79%
QPR Loftus Road
79%
West Ham United London Stadium
79%
West Bromwich Albion The Hawthorns
79%
Tottenham Hotspur Tottenham Hotspur Stadium
79%
Sheffield United Bramall Lane
71%
Nottingham Forest City Ground
71%
Blackburn Rovers Ewood Park
71%
Portsmouth Fratton Park
71%
Wolverhampton Wanderers Molineux
71%
Bolton Wanderers Reebok Stadium
71%
Birmingham City St Andrews
71%
Charlton Athletic The Valley
71%
Watford Vicarage Road
71%
Tottenham Hotspur Wembley
71%
Wigan Athletic DW Stadium
64%
Hull City KC Stadium
64%
Manchester City Maine Road
64%
Ipswich Town Portman Road
64%
Leicester City Filbert Street
57%
Barnsley Oakwell
57%
Derby County Baseball Ground
50%
Swansea City Liberty Stadium
50%
Sunderland Roker Park
50%
Bradford City Valley Parade
50%
Blackpool Bloomfield Road
43%
Stoke City Britannia Stadium
43%
Southampton The Dell
43%
Middlesbrough Ayresome Park
36%
Coventry City Highfield Road
36%
Huddersfield Town John Smith's Stadium
36%
Bolton Wanderers Burnden Park
29%
Cardiff City Cardiff City Stadium
29%
Swindon Town County Ground
29%
Oldham Athletic Boundary Park
21%
Reading Madejski Stadium
14%
No matching quizzes found
Score Distribution
Percent of People with Each Score
Percentile by Number Answered
Your Score History
You have not taken this quiz